<?xml version="1.0" encoding="UTF-8"?>
<collection xmlns="http://www.loc.gov/MARC21/slim">
  <record>
    <leader>00000nam  2200000   4500</leader>
    <controlfield tag="001">INLIS000000000018286</controlfield>
    <controlfield tag="005">20240924083022</controlfield>
    <datafield tag="035" ind1="#" ind2="#">
      <subfield code="a">0010-0924000115</subfield>
    </datafield>
    <controlfield tag="007">ta</controlfield>
    <controlfield tag="008">240924###########################0######</controlfield>
    <datafield tag="245" ind1="#" ind2="#">
      <subfield code="a">Klinik Produk Hukum Daerah :</subfield>
      <subfield code="b">Klinik Produk Hukum Daerah /</subfield>
      <subfield code="c">Demianus Aru, S.H., M.Si</subfield>
    </datafield>
    <datafield tag="260" ind1="#" ind2="#">
      <subfield code="a">Makassar :</subfield>
      <subfield code="b">Puslatbang KMP LAN RI Makassar,</subfield>
      <subfield code="c">2023</subfield>
    </datafield>
    <datafield tag="300" ind1="#" ind2="#">
      <subfield code="a">47 ;</subfield>
      <subfield code="c">30</subfield>
    </datafield>
    <datafield tag="650" ind1="#" ind2="4">
      <subfield code="a">Mewujudkan penyusunan produk hukum</subfield>
    </datafield>
    <datafield tag="700" ind1=" " ind2="#">
      <subfield code="a">Adi Bermantyo, S.SIP., M.Si (Mentor)</subfield>
    </datafield>
    <datafield tag="700" ind1=" " ind2="#">
      <subfield code="a">Muhammad Yunus, S.IP., S.Psi., M. SI (Coach)</subfield>
    </datafield>
    <datafield tag="520" ind1="#" ind2="#">
      <subfield code="a">Belum optimalnya penyusunan produk hukum daerah dilingkup Pemerintah Kabupaten Sorong melatarbelakangi hadimya aksi perubahan KLINIK PRODUK HUKUM DAERAH. Keterbatasan sumber daya manusia pada Bagian Hukum Setda Kabupaten Sorong menjadi kendala utama dalam mewujudkan penyusunan produk hukum secara optimal dan berkualitas.&#13;
&#13;
Aksi perubahan ini terdiri dari 5 (lima) tahap milestone yaitu: Terbangunnya komitmen stakeholder internal/eksternal, Terbentuknya tim kerja, Tersedianya Klinik untuk konsultasi penyusunan produk hukum daerah, Terwujudnya layanan Klinik untuk konsultasi Produk Hukum Daerah, dan Terwujudnya monitoring dan evaluasi. Seluruh kegiatan aksi perubahan telah terlaksana dengan baik dan diselesaikan sesuai waktu yang ditetapkan.&#13;
&#13;
Hasil yang dicapai yaitu terbentuknya klinik produk hukum daerah, terlaksananya konsultasi dan pendampingan kepada stakeholder dalam penyusunan produk hukum yang berkualitas sesuai peraturan yang berlaku.&#13;
&#13;
Aksi perubahan ini merupakan program berkelanjutan yang akan dikembangkan di jangka menengah dan jangka panjang dengan sasaran pelayanan konsultasi produk hukum secara online, peningkatan SDM yang terampil dalam penyusunan produk hukum, sehingga terwujud produk hukum daerah Pemerintah Kabupaten Sorong yang berkualitas.</subfield>
    </datafield>
    <datafield tag="856" ind1="#" ind2="#">
      <subfield code="a">Puslatbang KMP LAN RI Makassar</subfield>
    </datafield>
  </record>
</collection>
